000
00330nam a22001457a 4500
008
230707b ||||| |||| 00| 0 eng d
020
_a
9780826189905
041
_a
eng
080
_a
34
082
_a
34SMY
100
_a
32
101
_a
JURE
245
_a
OLDER ADULTS' DECISION-MAKING AND THE LAW
_c
SMYER.M
942
_2
udc
_c
BK
999
_c
60123
_d
60123